<?xml version="1.0" encoding="UTF-8"?>
<record
    xmlns:xsi="http://www.w3.org/2001/XMLSchema-instance"
    xsi:schemaLocation="http://www.loc.gov/MARC21/slim http://www.loc.gov/standards/marcxml/schema/MARC21slim.xsd"
    xmlns="http://www.loc.gov/MARC21/slim">

  <leader>01709cam a22003733a 4500</leader>
  <controlfield tag="001"> </controlfield>
  <controlfield tag="003">DO-SdBNP</controlfield>
  <controlfield tag="005">20230208070730.0</controlfield>
  <controlfield tag="008">970915s1997    dr       b    010 0 spa d</controlfield>
  <datafield tag="010" ind1=" " ind2=" ">
    <subfield code="a"> </subfield>
  </datafield>
  <datafield tag="020" ind1=" " ind2=" ">
    <subfield code="a">9768156473 </subfield>
  </datafield>
  <datafield tag="040" ind1=" " ind2=" ">
    <subfield code="a">BPMSU</subfield>
    <subfield code="b">spa</subfield>
    <subfield code="c">BPMSU</subfield>
    <subfield code="d"> </subfield>
    <subfield code="d"> </subfield>
  </datafield>
  <datafield tag="082" ind1=" " ind2="4">
    <subfield code="a">923.7</subfield>
    <subfield code="b">U75V 1997</subfield>
    <subfield code="2">22</subfield>
  </datafield>
  <datafield tag="100" ind1="1" ind2=" ">
    <subfield code="a">Vicioso, Sherezada,</subfield>
    <subfield code="d">1948-</subfield>
  </datafield>
  <datafield tag="245" ind1="1" ind2="0">
    <subfield code="a">Salom&#xE9; Ure&#xF1;a de Henr&#xED;quez (1850-1897) :</subfield>
    <subfield code="b">a cien a&#xF1;os de un magisterio /</subfield>
    <subfield code="c">Sherezada Vicioso (Chiqui).</subfield>
  </datafield>
  <datafield tag="250" ind1=" " ind2=" ">
    <subfield code="a"> </subfield>
  </datafield>
  <datafield tag="260" ind1=" " ind2=" ">
    <subfield code="a">Santo Domingo, Rep&#xFA;blica Dominicana :</subfield>
    <subfield code="b">Comisi&#xF3;n Permanente de la Feria Nacional del Libro,</subfield>
    <subfield code="c">1997.</subfield>
  </datafield>
  <datafield tag="300" ind1=" " ind2=" ">
    <subfield code="a">48 p. ;</subfield>
    <subfield code="c">21 cm.</subfield>
  </datafield>
  <datafield tag="500" ind1=" " ind2=" ">
    <subfield code="a">"Edici&#xF3;n especial de la XXIV Feria Nacional del Libro, Salom&#xE9; Ure&#xF1;a de Henr&#xED;quez, 1997."</subfield>
  </datafield>
  <datafield tag="500" ind1=" " ind2=" ">
    <subfield code="a">Incluye datos biogr&#xE1;ficos del autora en al contracubierta </subfield>
  </datafield>
  <datafield tag="500" ind1=" " ind2=" ">
    <subfield code="a">"Centenario de  Salom&#xE9; Ure&#xF1;a de Henr&#xED;quez."</subfield>
  </datafield>
  <datafield tag="500" ind1=" " ind2=" ">
    <subfield code="a">Incluye referencias bibliogr&#xE1;ficas y notas al pie de las p&#xE1;ginas </subfield>
  </datafield>
  <datafield tag="504" ind1=" " ind2=" ">
    <subfield code="a">Biblograf&#xED;a :  (p. 47-48).</subfield>
  </datafield>
  <datafield tag="505" ind1=" " ind2=" ">
    <subfield code="a">La Rep&#xFA;blica Dominicana de Salom&#xE9; -- Praxis po&#xE9;tica -- El positivismo -- La creaci&#xF3;n del Instituto de Se&#xF1;oritas Salom&#xE9; Ure&#xF1;a de Henr&#xED;quez -- Referencias.</subfield>
  </datafield>
  <datafield tag="590" ind1=" " ind2=" ">
    <subfield code="6">Inventariado, 2021/VM</subfield>
  </datafield>
  <datafield tag="600" ind1="1" ind2="4">
    <subfield code="a">Ure&#xF1;a de Henr&#xED;quez, Salom&#xE9;,</subfield>
    <subfield code="d">1850-1897.</subfield>
    <subfield code="x">Crtica e interpretaci&#xF3;n </subfield>
  </datafield>
  <datafield tag="610" ind1="2" ind2="4">
    <subfield code="a">Instituto de Se&#xF1;oritas Salom&#xE9; Ure&#xF1;a (Rep&#xFA;blica Dominicana)</subfield>
  </datafield>
  <datafield tag="650" ind1=" " ind2="4">
    <subfield code="a">Poes&#xED;a dominicana</subfield>
    <subfield code="x">Mujeres autoras</subfield>
    <subfield code="x">Historia y cr&#xED;tica </subfield>
  </datafield>
  <datafield tag="650" ind1=" " ind2="4">
    <subfield code="a">Literatura dominicana </subfield>
  </datafield>
  <datafield tag="650" ind1=" " ind2="4">
    <subfield code="a">Mujeres </subfield>
    <subfield code="x">Educaci&#xF3;n </subfield>
    <subfield code="z">Rep&#xFA;blica Dominicana</subfield>
    <subfield code="x">Historia </subfield>
  </datafield>
  <datafield tag="711" ind1="2" ind2=" ">
    <subfield code="a">Feria Nacional del Libro </subfield>
    <subfield code="n">(24 :</subfield>
    <subfield code="d">1997 :</subfield>
    <subfield code="c">Santo domingo )</subfield>
  </datafield>
  <datafield tag="910" ind1=" " ind2=" ">
    <subfield code="a">VMateoV.Control de calidad </subfield>
  </datafield>
  <datafield tag="942" ind1=" " ind2=" ">
    <subfield code="2">ddc</subfield>
    <subfield code="c">BK</subfield>
  </datafield>
  <datafield tag="952" ind1=" " ind2=" ">
    <subfield code="0">0</subfield>
    <subfield code="1">0</subfield>
    <subfield code="2">ddc</subfield>
    <subfield code="4">0</subfield>
    <subfield code="7">0</subfield>
    <subfield code="8">CD</subfield>
    <subfield code="a">BPMET</subfield>
    <subfield code="b">BPMET</subfield>
    <subfield code="d">2021-05-06</subfield>
    <subfield code="o">BPMSU CD 923.7 U75V 1997</subfield>
    <subfield code="p">BPMSU21050010</subfield>
    <subfield code="r">2021-05-06</subfield>
    <subfield code="w">2021-05-06</subfield>
    <subfield code="y">BK</subfield>
  </datafield>
  <datafield tag="952" ind1=" " ind2=" ">
    <subfield code="0">0</subfield>
    <subfield code="1">0</subfield>
    <subfield code="2">ddc</subfield>
    <subfield code="4">0</subfield>
    <subfield code="7">0</subfield>
    <subfield code="8">CD</subfield>
    <subfield code="a">BPMET</subfield>
    <subfield code="b">BPMET</subfield>
    <subfield code="d">2021-05-06</subfield>
    <subfield code="l">0</subfield>
    <subfield code="o">BPMSU CD 923.7 U75V 1997</subfield>
    <subfield code="p">BPMSU23020001</subfield>
    <subfield code="r">2023-02-01</subfield>
    <subfield code="t">e.2</subfield>
    <subfield code="w">2021-05-06</subfield>
    <subfield code="y">BK</subfield>
  </datafield>
  <datafield tag="999" ind1=" " ind2=" ">
    <subfield code="c">13456</subfield>
    <subfield code="d">13456</subfield>
  </datafield>
</record>
